1024 1930 1271 1272 1893 1061 1930 1610 1508 1927 1101 1001 1799 1695 1110 1660 1934 1810 1780 1107 1359 1325 1571 1824 1998 1532 1043 1330 1194 1940 1112 1439 1190 1251 1332 1642 1527 1980 1903 1176 1554 1000 1242 1440 1356 1742 1980 1515 1431 1138 1124 1454 1748 1748 1237 1551 1634 1389 1882 1313 1209 1706 1236 1359 1988 1431 1277 1762 1319 1675 1435 1348 1778 1946 1568 1897 1314 1967 1824 1218 1823 1923 1534 1125 1195 1409 1026 1700 1495 1463 1905 1840 1963 1770 1131 1597 1638 1054 1204 BCNSPRNW ULIB Ver.6.0+V

เปลี่ยนเป็นภาษาไทย

Change to English
 แสดงรายละเอียดบรรณานุกรม
  กลับหน้าหลัก

Brief Record : Get Marc (ISO 2709) : E-mail record : QR code < ปิดหน้าต่าง
LEADER : 00000nam 2200000uu 4500
001    13399123350
003     ULIB
008    140825s2554||||th 000 0 tha d
020    ^a9786162025662
050    ^aLB2353^bค695ผ
100 0  ^aคณะกรรมการประกันคุณภาพการศึกษาภายในระดับอุดมศึกษา
245 00 ^aผลงานแนวปฏิบัติที่ดี (GOOD PRACTICES) ในการนำความรู้ด้านการประกันคุณภาพไปใช้ในการดำเนินกิจกรรมนิสิตนักศึกษาระดับอุดมศึกษา/^bคณะกรรมการประกันคุณภาพการศึกษาภายในระดับอุดมศึกษา
260    ^aกรุงเทพฯ :^bสำนักงานคณะกรรมการการอุดมศึกษา,^c2554
300    ^a343 หน้า ;^c24 ซม.
650  4 ^aการศึกษาขั้นอุดมศึกษา^zไทย
650  0 ^aการประกันคุณภาพการศึกษา
700 0  ^a
710 2  ^aสำนักงานมาตรฐานและประเมินผลอุดมศึกษา
710 2  ^aสำนักงานคณะกรรมการการอุดมศึกษา
945    ^p0^l0^i034642
945    ^p0^l0^i038190
999    ^aเกษร โพธิ์สุวรรณ
รายการนี้ยังไม่มีแท็ก
คุณยังไม่ได้ล็อกอิน คุณสามารถมีกิจกรรมร่วมกับเว็บไซต์ได้ แต่ต้องล็อกอินก่อน ::
  ล็อกอิน

รายการสื่อสารสนเทศ

ลำดับที่ ประเภท เลขเรียก/บาร์โค้ด สถานที่ สถานะ
1. การศึกษาทั่วไป
หนังสือสำรอง
สถานะ=หนังสือสำรอง
LB2353 ค695ผ ฉ.1 
  Barcode: 034642
ห้องสมุดวิทยาเขตสวรรค์ประชารักษ์
►หนังสือทั่วไป
บนชั้น
2. วิทยาศาสตร์การแพทย์ และสุขภาพ
วิทยาศาสตร์การแพทย์ และสุขภาพ
LB2353 ค695ผ ฉ.2 
  Barcode: 038190
ห้องสมุดวิทยาเขตสวรรค์ประชารักษ์
►หนังสือทั่วไป
บนชั้น

รายการใกล้เคียง
    หัวเรื่อง [การประกันคุณภาพการศึกษา]

BibComment


ยังไม่เคยถูกคอมเมนท์

คอมเมนท์ทรัพยากรรายการนี้
  คอมเมนท์: ผลงานแนวปฏิบัติท..


 Copyright 2026. Bcnsprnw @Library